Statistics for BRICS Countries on a Map

Click here to take the quiz!

General Stats

  • This quiz has been taken 82 times
    (43 since last reset)
  • The average score is 8 of 10

Answers on the Map

Answers color-coded by a green-red scale on the quiz's map according to % correct below.
 

Answer Stats

Answer% Correct
Brazil
100%
India
100%
Russia
100%
China
97%
South Africa
90%
Iran
79%
Egypt
72%
Saudi Arabia
72%
Ethiopia
66%
United Arab Emirates
66%

Score Distribution

Percentile by Number Answered

Percent of People with Each Score

Your Score History

You have not taken this quiz since the last reset